ბათუმის შოთა რუსთაველის სახელმწიფო უნივერსიტეტის ბიბლიოთეკა

ჩვენი საუნჯე:ქართული მწერლობა ოც ტომად. ტ.5: სულხან-საბა ორბელიანი, ვახტანგ მეექბსე, მამუკა ბარათაშვილი, დიმიტრი სააკაძე, დავით გურამიშვილი. თეიმურაზ მეორე,საიათნოვა. ბესიკი (ბიბ.ჩანაწერი № 48371)

000 -LEADER
fixed length control field 01466nam a2200229Ia 4500
001 - CONTROL NUMBER
control field 15259
003 - CONTROL NUMBER IDENTIFIER
control field GE_BSU
008 - FIXED-LENGTH DATA ELEMENTS--GENERAL INFORMATION
fixed length control field 181216s||||||||xx |||||||||||||| ||und||
040 ## - CATALOGING SOURCE
Transcribing agency GE_BSU
080 ## - UNIVERSAL DECIMAL CLASSIFICATION NUMBER
Universal Decimal Classification number 821.353.1+821.353.1-391
245 ## - TITLE STATEMENT
Title ჩვენი საუნჯე:ქართული მწერლობა ოც ტომად. ტ.5: სულხან-საბა ორბელიანი, ვახტანგ მეექბსე, მამუკა ბარათაშვილი, დიმიტრი სააკაძე, დავით გურამიშვილი. თეიმურაზ მეორე,საიათნოვა. ბესიკი
245 ## - TITLE STATEMENT
Statement of responsibility, etc. რედ.ალ.ბარამიძე მხატვ.ლ.გრიგოლია
260 ## - PUBLICATION, DISTRIBUTION, ETC.
Place of publication, distribution, etc. თბილისი
260 ## - PUBLICATION, DISTRIBUTION, ETC.
Name of publisher, distributor, etc. ნაკადული
260 ## - PUBLICATION, DISTRIBUTION, ETC.
Date of publication, distribution, etc. 1960
300 ## - PHYSICAL DESCRIPTION
Extent 408გვ.
300 ## - PHYSICAL DESCRIPTION
Accompanying material ლექსიკონი გვ.399-404
653 ## - INDEX TERM--UNCONTROLLED
Uncontrolled term სულხან-საბა ორბელიანი, ვახტანგ მეექბსე, მამუკა ბარათაშვილი, დიმიტრი სააკაძე, დავით გურამიშვილი. თეიმურაზ მეორე,საიათნოვა. ბესიკი
653 ## - INDEX TERM--UNCONTROLLED
Uncontrolled term ქართული მწერლობა.
653 ## - INDEX TERM--UNCONTROLLED
Uncontrolled term ჩვენი საუნჯე
942 ## - ADDED ENTRY ELEMENTS (KOHA)
Koha item type წიგნი
ეგზემპლარები
Withdrawn status Lost status Damaged status Not for loan Date acquired Barcode Date last seen Price effective from Koha item type
        2018-12-17 38350 2018-12-17 2018-12-17 წიგნი